Vedecká rozprava k problému spoločenskej zodpovednosti obchodu zborník k vedeckému projektu VEGA 1/3760/06 v redakcii Kristíny Viestovej
Uložené v:
| Korporativný autor: | |
|---|---|
| Ďalší autori: | |
| Médium: | Kniha |
| Jazyk: | Slovak Czech Polish English Russian |
| Vydavateľské údaje: |
Bratislava
Vydavateľstvo EKONÓM
2006
|
| Predmet: | |
| Tagy: |
Žiadne tagy, Buďte prvý, kto otaguje tento záznam!
|
MARC
| LEADER | 00000nam$a2200000$$$4500 | ||
|---|---|---|---|
| 001 | 0050287 | ||
| 005 | 20240611105603.5 | ||
| 020 | |a 80-225-2243-0 | ||
| 041 | 0 | |a slo | |
| 041 | 0 | |a cze | |
| 041 | 0 | |a pol | |
| 041 | 0 | |a eng | |
| 041 | 0 | |a rus | |
| 044 | |a SK | ||
| 245 | 1 | 0 | |a Vedecká rozprava k problému spoločenskej zodpovednosti obchodu |b zborník k vedeckému projektu VEGA 1/3760/06 v redakcii Kristíny Viestovej |
| 264 | 1 | |a Bratislava |b Vydavateľstvo EKONÓM |c 2006 | |
| 300 | |a 126 s. | ||
| 610 | 2 | 0 | |a obchod |
| 610 | 2 | 0 | |a trh |
| 610 | 2 | 0 | |a spotreba individuálna |
| 700 | 1 | |a Viestová, Kristína | |
| 710 | 2 | |a Obchodná fakulta EU. Katedra marketingu | |